| 000 | 01555nam a22003137a 4500 | ||
|---|---|---|---|
| 003 | BDCtgAUW | ||
| 005 | 20260324192512.0 | ||
| 008 | 021021s2003 nyua b 000 1 eng | ||
| 010 | _a 2002151749 | ||
| 020 | _a9780091816971 | ||
| 040 |
_c BDCtgAUW _d BDCtgAUW _b BDCtgAUW |
||
| 050 | 0 | 0 | _aPZ7.J6383 |
| 100 | 1 | 0 |
_aJohnson, Spencer. _eauthor |
| 245 | 1 | 0 |
_aWho moved my cheese? : _bfor kids / |
| 260 |
_aNew York : _bG.P. Putnam's Sons, _c2003. |
||
| 300 |
_a96 p. : _bcol. ill. ; _c26 x 29 cm. |
||
| 520 | _aLittle friends in a maze find and enjoy some cheese, but when that cheese is gone, only Sniff and Scurry adapt and go searching for more while Hem and Haw wait for more cheese to appear. Includes a note to parents and discussion questions. | ||
| 650 | 1 |
_aMice _vFiction. _986798 |
|
| 650 | 1 |
_aMaze puzzles _vFiction. _991249 |
|
| 650 | 1 |
_aChange _vFiction. _978008 |
|
| 655 | 7 |
_aFiction. _2lcgft _0https://id.loc.gov/authorities/genreForms/gf2014026339 _973569 |
|
| 700 | 1 |
_aPileggi, Steve, _eill. _991250 |
|
| 856 | 4 | 2 |
_3Contributor biographical information _uhttp://www.loc.gov/catdir/enhancements/fy0717/2002151749-b.html |
| 856 | 4 | 2 |
_3Publisher description _uhttp://www.loc.gov/catdir/enhancements/fy0717/2002151749-d.html |
| 887 |
_28 _aPapia Akter |
||
| 942 |
_2lcc _cBK _n0 |
||
| 999 |
_c16340 _d16340 |
||
| 888 | _28 | ||